<?xml version='1.0' encoding='UTF-8'?>
  <record xmlns="http://www.loc.gov/MARC21/slim">
    <leader>00000cam a22000001i 4500</leader>
    <controlfield tag="001">ocm14324111</controlfield>
    <controlfield tag="003">OCoLC</controlfield>
    <controlfield tag="005">20251106183446.7</controlfield>
    <controlfield tag="008">840603s1532    fr a          001 0 lat  </controlfield>
    <datafield tag="040" ind1=" " ind2=" ">
      <subfield code="a">NLM</subfield>
      <subfield code="b">eng</subfield>
      <subfield code="e">rda</subfield>
      <subfield code="e">dcrmr</subfield>
      <subfield code="c">NLM</subfield>
      <subfield code="d">EUX</subfield>
      <subfield code="d">OCLCF</subfield>
      <subfield code="d">OCLCO</subfield>
      <subfield code="d">OCLCQ</subfield>
      <subfield code="d">OCLCO</subfield>
      <subfield code="d">EUN</subfield>
      <subfield code="d">OCLCO</subfield>
      <subfield code="d">NLM</subfield>
      <subfield code="d">OCLCA</subfield>
      <subfield code="d">OCLCO</subfield>
      <subfield code="d">CLU</subfield>
      <subfield code="d">OCLCO</subfield>
      <subfield code="d">OCLCL</subfield>
      <subfield code="d">QGJ</subfield>
      <subfield code="d">OCLCO</subfield>
    </datafield>
    <datafield tag="016" ind1="7" ind2=" ">
      <subfield code="a">2276083R</subfield>
      <subfield code="2">DNLM</subfield>
    </datafield>
    <datafield tag="029" ind1="0" ind2=" ">
      <subfield code="a">NLM</subfield>
      <subfield code="b">2276083R</subfield>
    </datafield>
    <datafield tag="035" ind1=" " ind2=" ">
      <subfield code="a">(OCoLC)14324111</subfield>
    </datafield>
    <datafield tag="041" ind1="1" ind2=" ">
      <subfield code="a">lat</subfield>
      <subfield code="h">ara</subfield>
    </datafield>
    <datafield tag="060" ind1="0" ind2="0">
      <subfield code="a">WZ 240</subfield>
      <subfield code="b">P959e 1532</subfield>
    </datafield>
    <datafield tag="100" ind1="0" ind2=" ">
      <subfield code="a">Octavius Horatianus,</subfield>
      <subfield code="e">author.</subfield>
      <subfield code="4">aut</subfield>
    </datafield>
    <datafield tag="245" ind1="0" ind2="0">
      <subfield code="a">Octavij Horatiani rerum Medicarum lib. Quatuor. :</subfield>
      <subfield code="b">I. Logicus, De curationibus omnium ferme morborum corporis humani, ad Euporistum. II. De Acutis &amp; Chronicis passionibus, ad eunde[m]. III. Gynecia, de Mulierum accidentibus, &amp; curis eorundem, ad Victoriam. IIII. De physica scientia, Experimentorum liber, ad Eusebium filium. /</subfield>
      <subfield code="c">Per Herema[n]num Comitem a Neüenar, integro candori nuper restitutus autor. Albucasis Chirurgicorum omniu[m] primimarij lib. tres. I. De Cauterio cum igne, &amp; medicinis acutis per singula corporis humani membra. Cum instrumentorum delimatione. II. De Sectione &amp; Perforatione, Phlebotomia, &amp; Ventosis. De Vulneribus, &amp; extractione sagittaru[m], &amp; cȩteris similibus. Cum formis Instrumentoru[m]. III. De restauratione &amp; curatione dislocationis me[m]brorum. Cum typis item Instrumentorum ...</subfield>
    </datafield>
    <datafield tag="246" ind1="3" ind2=" ">
      <subfield code="a">Octavii Horatiani rerum Medicarum lib. Quatuor.</subfield>
    </datafield>
    <datafield tag="246" ind1="3" ind2=" ">
      <subfield code="a">Rerum Medicarum lib. Quatuor.</subfield>
    </datafield>
    <datafield tag="264" ind1=" " ind2="1">
      <subfield code="b">Argent.[orati] :</subfield>
      <subfield code="b">Apud Joannem Schottum,</subfield>
      <subfield code="c">M. D. XXXII. [1532]</subfield>
    </datafield>
    <datafield tag="300" ind1=" " ind2=" ">
      <subfield code="a">[8], 319 pages :</subfield>
      <subfield code="b">illustrations ;</subfield>
      <subfield code="c">33 cm (folio)</subfield>
    </datafield>
    <datafield tag="336" ind1=" " ind2=" ">
      <subfield code="a">text</subfield>
      <subfield code="b">txt</subfield>
      <subfield code="2">rdacontent</subfield>
    </datafield>
    <datafield tag="337" ind1=" " ind2=" ">
      <subfield code="a">unmediated</subfield>
      <subfield code="b">n</subfield>
      <subfield code="2">rdamedia</subfield>
    </datafield>
    <datafield tag="338" ind1=" " ind2=" ">
      <subfield code="a">volume</subfield>
      <subfield code="b">nc</subfield>
      <subfield code="2">rdacarrier</subfield>
    </datafield>
    <datafield tag="340" ind1=" " ind2=" ">
      <subfield code="m">folio</subfield>
      <subfield code="2">rdabf</subfield>
    </datafield>
    <datafield tag="500" ind1=" " ind2=" ">
      <subfield code="a">The Latin version of Abulcasis is that of Gerardus Cremonensis.</subfield>
    </datafield>
    <datafield tag="500" ind1=" " ind2=" ">
      <subfield code="a">The t.-p. has an ornamental border, and the two titles are separated by an ornamental band.</subfield>
    </datafield>
    <datafield tag="500" ind1=" " ind2=" ">
      <subfield code="a">Edited by the elder, and prepared for publication after his death by the younger Hermann, graf von Neuenar.</subfield>
    </datafield>
    <datafield tag="500" ind1=" " ind2=" ">
      <subfield code="a">Colophon: Argentorati apud Ioannem Schottum librarium. XXVI. Febr. Anno M. D. XXXII.</subfield>
    </datafield>
    <datafield tag="500" ind1=" " ind2=" ">
      <subfield code="a">Octavij Horatiani rerum Medicarum lib. Quatuor. (that is, Theodori Prisciani), a Roman physician of the 4th c. A.D., includes woodcut illustrations. of the "wound-man", a cauterization, amputation, removal of an arrow, bloodletting and trepanning.</subfield>
    </datafield>
    <datafield tag="500" ind1=" " ind2=" ">
      <subfield code="a">Includes index.</subfield>
    </datafield>
    <datafield tag="500" ind1=" " ind2=" ">
      <subfield code="a">Initials, printed marginalia.</subfield>
    </datafield>
    <datafield tag="500" ind1=" " ind2=" ">
      <subfield code="a">Signatures: [*]⁴ a-z⁶ aa-bb⁶ cc⁴ dd⁶; [*]1v and dd6v are blank.</subfield>
    </datafield>
    <datafield tag="510" ind1="4" ind2=" ">
      <subfield code="a">Verzeichnis der im deutschen Sprachbereich erschienenen Drucke des 16. Jahrhunderts (VD 16),</subfield>
      <subfield code="c">T 840</subfield>
      <subfield code="u">https://gateway-bayern.de/VD16+T+840</subfield>
    </datafield>
    <datafield tag="510" ind1="4" ind2=" ">
      <subfield code="3">Abu'l-Qāsim Khalaf ibn 'Abbas al Zahrāwī: Libri tres. I. de cauterio cum igne;</subfield>
      <subfield code="a">Verzeichnis der im deutschen Sprachbereich erschienenen Drucke des 16. Jahrhunderts (VD 16),</subfield>
      <subfield code="c">A 60</subfield>
      <subfield code="u">https://gateway-bayern.de/VD16+A+60</subfield>
    </datafield>
    <datafield tag="650" ind1=" " ind2="0">
      <subfield code="a">Surgery</subfield>
      <subfield code="v">Early works to 1800.</subfield>
    </datafield>
    <datafield tag="650" ind1=" " ind2="0">
      <subfield code="a">Diseases</subfield>
      <subfield code="v">Early works to 1800.</subfield>
    </datafield>
    <datafield tag="650" ind1=" " ind2="0">
      <subfield code="a">Surgery.</subfield>
    </datafield>
    <datafield tag="650" ind1=" " ind2="2">
      <subfield code="a">General Surgery</subfield>
    </datafield>
    <datafield tag="650" ind1=" " ind2="2">
      <subfield code="a">Medicine</subfield>
    </datafield>
    <datafield tag="650" ind1=" " ind2="6">
      <subfield code="a">Chirurgie</subfield>
      <subfield code="v">Ouvrages avant 1800.</subfield>
    </datafield>
    <datafield tag="650" ind1=" " ind2="6">
      <subfield code="a">Maladies</subfield>
      <subfield code="v">Ouvrages avant 1800.</subfield>
    </datafield>
    <datafield tag="650" ind1=" " ind2="6">
      <subfield code="a">Chirurgie.</subfield>
    </datafield>
    <datafield tag="650" ind1=" " ind2="7">
      <subfield code="a">surgery (health care function)</subfield>
      <subfield code="2">aat</subfield>
    </datafield>
    <datafield tag="650" ind1=" " ind2="7">
      <subfield code="a">Diseases</subfield>
      <subfield code="2">fast</subfield>
    </datafield>
    <datafield tag="650" ind1=" " ind2="7">
      <subfield code="a">Surgery</subfield>
      <subfield code="2">fast</subfield>
    </datafield>
    <datafield tag="655" ind1=" " ind2="7">
      <subfield code="a">Early works</subfield>
      <subfield code="2">fast</subfield>
    </datafield>
    <datafield tag="700" ind1="0" ind2=" ">
      <subfield code="i">Container of (expression):</subfield>
      <subfield code="a">Abū al-Qāsim Khalaf ibn ʻAbbās al-Zahrāwī,</subfield>
      <subfield code="d">-1013?</subfield>
      <subfield code="t">Maqālah fī al-ʻamal bi-al-yad.</subfield>
      <subfield code="l">Latin.</subfield>
    </datafield>
    <datafield tag="700" ind1="0" ind2=" ">
      <subfield code="a">Gherardo,</subfield>
      <subfield code="c">da Cremona,</subfield>
      <subfield code="d">1113 or 1114-1187,</subfield>
      <subfield code="e">translator.</subfield>
      <subfield code="4">trl</subfield>
    </datafield>
    <datafield tag="700" ind1="1" ind2=" ">
      <subfield code="a">Neuenar, Hermann,</subfield>
      <subfield code="c">Graf von,</subfield>
      <subfield code="d">1492-1530,</subfield>
      <subfield code="e">editor.</subfield>
      <subfield code="4">edt</subfield>
      <subfield code="1">https://id.oclc.org/worldcat/entity/E39PBJgXdXYgbXbFDtmqDDVwG3</subfield>
    </datafield>
    <datafield tag="700" ind1="1" ind2=" ">
      <subfield code="a">Neuenahr, Hermann von,</subfield>
      <subfield code="d">1519 or 1520-1578,</subfield>
      <subfield code="e">editor,</subfield>
      <subfield code="e">author of introduction, etc.</subfield>
      <subfield code="4">edt</subfield>
      <subfield code="4">aui</subfield>
    </datafield>
    <datafield tag="700" ind1="1" ind2=" ">
      <subfield code="a">Wechtlin, Johann Ulrich,</subfield>
      <subfield code="d">active 16th century,</subfield>
      <subfield code="e">engraver.</subfield>
      <subfield code="4">egr</subfield>
      <subfield code="1">https://id.oclc.org/worldcat/entity/E39PBJjdkdkTCry9ccKv9r6dwC</subfield>
    </datafield>
    <datafield tag="700" ind1="1" ind2=" ">
      <subfield code="a">Schott, Johann,</subfield>
      <subfield code="d">1477-1548,</subfield>
      <subfield code="e">printer.</subfield>
      <subfield code="4">prt</subfield>
      <subfield code="1">https://id.oclc.org/worldcat/entity/E39PBJvmHQpQRpHdkBxtGwgdwC</subfield>
    </datafield>
    <datafield tag="752" ind1=" " ind2=" ">
      <subfield code="a">France</subfield>
      <subfield code="d">Strasbourg,</subfield>
      <subfield code="e">publication place.</subfield>
      <subfield code="4">pup</subfield>
    </datafield>
    <datafield tag="776" ind1="0" ind2="8">
      <subfield code="i">Also issued on microfilm.</subfield>
      <subfield code="d">[Bethesda, Md.] : National Library of Medicine, 1986.</subfield>
      <subfield code="h">1 microfilm reel : negative ; 35 mm.</subfield>
    </datafield>
  </record>